Responses for Show #4166 - Monday, October 14, 2002

Contestants

[<< previous game]

Matt Snow, a sound engineer from Los Angeles, California

Henry Quillen, a teacher from Atlanta, Georgia

Tanya Tyler, a writer and editor from Lexington, Kentucky (whose 2-day cash winnings total $35,600)

[next game >>]

Jeopardy! Round responses

THE ROCKIES
DIAMONDBACKS
MARINERS
PADRES
BREWERS
"MET"s
    $200 4
Colorado

Henry
    $200 9
rattles

Tanya
    $200 22
Eric the Red

Henry
    $200 21
The Thorn Birds

Matt
    $200 14
Miller Genuine Draft

Matt
    $200 1
metal detector

Matt
    $400 5
(Henry: What is Texas?)

New Mexico

Henry
Triple Stumper
    $400 10
8 feet

Triple Stumper
    $400 23
Captain James Cook

Tanya
    $400 24
(Tanya: Who is Spencer Tracy?)

Bing Crosby

Tanya
Triple Stumper
    $400 15
fermentation

Henry
    $400 2
(Tanya: What is metallic?)

metamorphic

TanyaHenry
    $600 6
tick

Henry
    $600 11
Texas

Henry
    $600 27
(Tanya: Who is Magellan?)

Sir Francis Drake

TanyaHenry
    $600 25
Tom Bosley

Henry
    $600 16
Anchor Steam

Henry
    $600 3
metabolism

Tanya
    $800 7
bighorn sheep

Tanya
    $800 12
they give birth to live young

Henry
    $800 28
George Vancouver (Vancouver Island)

Triple Stumper
    $800 26
Thomas Becket

Triple Stumper
    $800 17
Boston

Triple Stumper
    $800 19
metric system

Matt
    $1000 8
Continental Divide

Matt
    $1000 13
pit vipers

Triple Stumper
    $1,200 29
Vitus Bering

Henry
    $1000 30
The Poseidon Adventure

Tanya
    $1000 18
hops

Matt
    $1000 20
metaphor

Henry

Scores at the first commercial break (after clue 15):

Tanya Henry Matt
$1,200 $2,600 $1,400

Scores at the end of the Jeopardy! Round:

Tanya Henry Matt
$1,600 $6,800 $3,400

Double Jeopardy! Round responses

LINES FROM LONGFELLOW
LESSER-KNOWN NAMES
"M"USIC
WE HAVE QUESTIONS
RHYME TIME
THIS CATEGORY DOESN'T STINK
    $400 1
Paul Revere

Matt
    $400 13
tennis

Tanya
    $400 2
John Cougar Mellencamp

Tanya
    $400 24
Shylock

Henry
    $400 8
(Matt: What is his pen's den?)
(Henry: What is den's pens?)
(Tanya: What is pen's dens?)

pen den

TanyaHenryMatt
Triple Stumper
    $400 21
carbon dioxide

Matt
    $800 3
an arrow

Henry
    $800 14
Francisco Franco

Henry
    $800 4
Marilyn Manson

Matt
    $800 25
(Alex: About a minute left in the round, Tanya.)

the Bee Gees

Tanya
    $800 9
spider rider

Tanya
    $800 22
flowers

Tanya
    $2,000 18
(Henry: What is the "Song of Hiawatha"?)

Evangeline

Henry
    $1200 15
Queen Elizabeth I

Tanya
    $1200 5
Mandrell

Tanya
    $2,000 26
Patrick Henry

Tanya
    $1200 10
hacker tracker

Matt
    $1200 23
(Henry: What is tallow?)

paraffin

Henry
Triple Stumper
    $1600 19
(Alex: "Smithy" applies both to the man & to the place.)

"The Village Smithy"

Henry
    $1600 16
good man

Henry
    $1600 6
(Henry: What is "Mercy Me"?)
(Tanya: What is "Mama, Mama"?)

"Mercy Mercy Me"

TanyaHenryMatt
    $1600 27
the Sphinx

Matt
    $1600 11
rifle trifle

Triple Stumper
    $1600 29
natural gas

Matt
    $2000 20
(Tanya: What is the Flying Dutchman?)

the Hesperus

Tanya
Triple Stumper
    $2000 17
commissar

Triple Stumper
    $2000 7
mojo

Henry
    $2000 28
(Henry: Who is Keats?)

Percy Shelley

Henry
Triple Stumper
    $2000 12
beacon deacon

Tanya
    $2000 30
gelatin

Matt

Scores at the end of the Double Jeopardy! Round:

Tanya Henry Matt
$7,200 $6,800 $12,600

[wagering suggestions for these scores]

Final Jeopardy! Round responses

COMPOSERS
HenryWho is Dvorak?
$5,801
TanyaWho is Chopin?
$2,000
MattWho is Glass
$1,801
Antonin Dvorak

Final scores:

Tanya Henry Matt
$5,200 $12,601 $10,799
3rd place: $1,000 New champion: $12,601 2nd place: $2,000

Game dynamics:

Coryat scores:

Tanya Henry Matt
$6,400 $8,600 $12,600
14 R
(including 1 DD),
6 W
18 R
(including 1 DD),
6 W
(including 1 DD)
14 R,
1 W

Combined Coryat: $27,600

[game clues] [game scores] [suggest correction]

Game tape date: 2002-06-26
The J! Archive is created by fans, for fans. Scraping, republication, monetization, and malicious use prohibited; this site may use cookies and collect identifying information. See terms. The Jeopardy! game show and all elements thereof, including but not limited to copyright and trademark thereto, are the property of Jeopardy Productions, Inc. and are protected under law. This website is not affiliated with, sponsored by, or operated by Jeopardy Productions, Inc. Join the discussion at JBoard.tv.